000 00281pam a2200121 a 4500
020 _a978-81-8138-078-8
_c
041 _h
100 _aBahuguna & Mallick.
245 _aHandbook of the Mamamals
250 _a1st Ed.2010.
260 _a[s.l]:
_bNatraj Publishers .
930 _a2104
999 _c247955
_d247955